Elements of tensor calculus

Đã lưu trong:
Chi tiết về thư mục
Tác giả chính: Lichnerowicz, André (Tác giả)
Định dạng: Sách
Ngôn ngữ:Tiếng Anh
Được phát hành: Londres Metheuen & Co 1962
Loạt:Metheuen's Monographs on Physical Subjects
Những chủ đề:
Các nhãn: Thêm thẻ
Không có thẻ, Là người đầu tiên thẻ bản ghi này!

MARC

LEADER 00000nam a2200000 a 4500
001 UCQ9553
003 CL-VaPUC
008 990112e19620000UK |||||||||||||||||eng|d
082 0 4 |a 515.63  |b LIC  |2 21 
100 |a Lichnerowicz, André  |e author  |9 536971 
245 1 0 |a Elements of tensor calculus 
300 |a 164 p 
942 |c BK 
945 |d 19990112 00:00:00  |a crobeson 
260 |a Londres  |b Metheuen & Co  |c 1962 
650 0 |a Cálculo tensorial  |9 423040 
650 0 |a Análisis tensorial   |9 423039 
583 |a last modification  |c 19990112 00:00:00  |k Rodrigo Vera 
490 0 |a Metheuen's Monographs on Physical Subjects 
999 |c 278552  |d 278550 
952 |0 0  |1 0  |4 0  |6 515_630000000000000_LIC_1962  |7 0  |8 A  |9 317167  |a BIBMAT  |b BIBMAT  |d 2019-11-20  |i 1316109  |o 515.63 LIC 1962  |p 1316109  |r 2025-01-07  |w 2019-11-20  |y BK  |k MAT